| 000 -LEADER |
| fixed length control field |
01426nam a2200217Ia 4500 |
| 001 - CONTROL NUMBER |
| control field |
16880 |
| 003 - CONTROL NUMBER IDENTIFIER |
| control field |
GE_BSU |
| 008 - FIXED-LENGTH DATA ELEMENTS--GENERAL INFORMATION |
| fixed length control field |
181216s||||||||xx |||||||||||||| ||und|| |
| 040 ## - CATALOGING SOURCE |
| Transcribing agency |
GE_BSU |
| 080 ## - UNIVERSAL DECIMAL CLASSIFICATION NUMBER |
| Universal Decimal Classification number |
821-84 + 821-1 + 821-3 |
| 245 ## - TITLE STATEMENT |
| Title |
სიბრძნის სიმფონია |
| 245 ## - TITLE STATEMENT |
| Remainder of title |
აფორიზმები, ხატოვანი თქმები, რჩეული აზრები მსოფლიოს ხალხთა პოეზიასა და პროზაში |
| 245 ## - TITLE STATEMENT |
| Statement of responsibility, etc. |
შედგენა,თარგმნა, შესავალი,განმარტებანი აკაკი გელოვანისა. მხ. ჯიბო ყავლაშვილი. მხ. რედ. გ.ინასარიძე |
| 260 ## - PUBLICATION, DISTRIBUTION, ETC. |
| Place of publication, distribution, etc. |
თბილისი |
| 260 ## - PUBLICATION, DISTRIBUTION, ETC. |
| Name of publisher, distributor, etc. |
ხელოვნება |
| 260 ## - PUBLICATION, DISTRIBUTION, ETC. |
| Date of publication, distribution, etc. |
1989 |
| 300 ## - PHYSICAL DESCRIPTION |
| Extent |
815გვ. : 40ფ. ილ. ; 20სმ.. |
| 653 ## - INDEX TERM--UNCONTROLLED |
| Uncontrolled term |
ეგვიპტე; ანტიკა; ბიზანტიური პოეზიიდან; ევროპა; ამერიკა; მოზაიკა; აღმოსავლეთი; რუსეთი; მოძმე ხალხები ქართული სიბრძნის საგანძურიდან; სხვათა სიტყვით |
| 653 ## - INDEX TERM--UNCONTROLLED |
| Uncontrolled term |
სიბრძნის სიმფონია |
| 942 ## - ADDED ENTRY ELEMENTS (KOHA) |
| Koha item type |
წიგნი |